Química: la ciencia central
Saved in:
| Main Authors: | , , |
|---|---|
| Format: | Book |
| Language: | Spanish |
| Published: |
Ciudad de México
Prentice- Hall Hispanoamericana
1998
|
| Edition: | 3a. ed |
| Subjects: | |
| Tags: |
Add Tag
No Tags, Be the first to tag this record!
|
MARC
| LEADER | 00000nam a2200000 a 4500 | ||
|---|---|---|---|
| 001 | UCM5294 | ||
| 003 | CL-VaPUC | ||
| 008 | 021003e19980000MX |||||||||||||||||spa|d | ||
| 082 | 0 | 4 | |a 540 |b BRO |2 21 |
| 100 | |a Brown, Theodore L |e author |9 298232 | ||
| 700 | 0 | |a Le May, Harold Eugene |e author |9 471538 | |
| 700 | 0 | |a Bursten, Bruce E |e author |9 471539 | |
| 245 | 1 | 0 | |a Química: la ciencia central |
| 250 | |a 3a. ed | ||
| 300 | |a 991 p | ||
| 942 | |c BK | ||
| 945 | |d 20021003 00:00:00 |a vberengu | ||
| 260 | |a Ciudad de México |b Prentice- Hall Hispanoamericana |c 1998 | ||
| 650 | 0 | |a Química |9 259896 | |
| 650 | 0 | |a Equilibrio químico |9 259943 | |
| 650 | 0 | |a Estructura atómica |9 259944 | |
| 583 | |a last modification |c 20171031 11:00:23 |k Rodrigo Vera | ||
| 999 | |c 301429 |d 301427 | ||